00588 2200205 4500001002100000005001500021035002000036007000300056008004100059020002200100082001000122084001600132100001700148245008900165250001700254260003500271300003600306650002200342700001800364INLIS00000000000085720210525082532 a0010-0521000094ta210525 g 0 ind  a978-979-662-588-8 a959.8 a959.8 RIR b0 aRirin Darini1 aBuku Guru Sejarah untuk SMA/MA Kelas XI :bPemintan ilmu-ilmu sosial /cRirin Darini aEdisi revisi aKlaten :bCempaka Putih,c2013 axii + 260 hlm. ;c17,6 x 25 cm. aSejarah Indonesia0 aWahjudi Djaja